Представление документа в формате MARC21

Поле Инд. ПП Название Значение
Тип записи a
Библиографический уровень m
001 Контрольный номер 860a4a7f-6e95-46f5-a813-39e9e6bb0702
005 Дата корректировки 20220616083017.3
008 Кодируемые данные 040413
040 a Служба первич. каталог. НБ ТвГУ
041 0_ a Код языка текста rus
080 a Индекс УДК 323.13(=411.16)
084 a Индекс другой классификации/Индекс ББК Ф1(0)6
090 x Авторский знак С 38
a Полочн. индекс 1Ф7.231
245 00 a Заглавие Сионизм: теория и практика
260 0_ a Место издания Москва
b Издательство Политиздат
c Дата издания 1973
300 a Объем 240 с.
653 0_ a Ключевые слова Сионизм
a Ключевые слова История сионизма
a Ключевые слова 20 в.
a Ключевые слова Международный сионизм
a Ключевые слова Евреи
700 1_ a Другие авторы Минц И. И.
700 1_ a Другие авторы Асанов Д. С.
700 1_ a Другие авторы Астахов Д. С.
700 12 a Другие авторы Минц И. И.
852 41 i Расстановочный признак Проверка 2022
901 t Тип документа m
920 a Оператор Поля
a Оператор Суха
930 a Новая/Ретро ретро
952 c Вид литературы К рн
954 a Дата поступления на обработку 20050606
e Дата перешифровки 20220131
954 a Дата поступления на обработку 20220616